000
00322nam a22001337a 4500
005
20160317074019.0
008
111123s2012 nyua 001 0 eng
020
_a
9780071770644
020
_a
0071762752
041
0
_a
eng
080
_a
004
245
1
0
_a
Multimedia demystified /
_c
Jennifer Coleman Dowling.
942
_2
udc
_c
BK
999
_c
646
_d
646